Statistics for 1935年東京市の駅乗客数WORST50

Click here to take the quiz!

General Stats

  • This quiz has been taken 18 times
    (16 since last reset)
  • The average score is 21 of 52

Answer Stats

順位駅名一日当たり乗客数
路線
% Correct
10下板橋176東武東上線
75%
28中板橋435東武東上線
69%
33尾久470東北本線
69%
22竹ノ塚301東武伊勢崎線
69%
43成増606東武東上線
69%
40西新井574東武伊勢崎線
63%
35大師前478東武大師線
63%
38千歳船橋539小田急小田原線
63%
16東武練馬254東武東上線
63%
14下赤塚249東武東上線
56%
31神泉452帝都電鉄
56%
34牛田472東武伊勢崎線
56%
1富士見ヶ丘58
帝都電鉄
56%
29上石神井444西武村山線
50%
48小菅662東武伊勢崎線
50%
30梅ヶ丘449小田急小田原線
50%
12喜多見213小田急小田原線
50%
39小村井570東武亀戸線
50%
9久我山168帝都電鉄
50%
41亀戸水神588東武亀戸線
50%
35沼部478目蒲電鉄目蒲線
50%
24五反野321東武伊勢崎線
50%
3西永福88帝都電鉄
44%
4浜田山91帝都電鉄
44%
49稲荷町685東京地下鉄道
44%
13井荻239西武村山線
44%
7武蔵関162西武村山線
44%
18上井草263西武村山線
44%
44永福町635帝都電鉄
44%
36御嶽山529目蒲電鉄池上線
38%
26下井草409西武村山線
38%
6上野毛152目蒲電鉄二子玉川線
38%
8高井戸166帝都電鉄
38%
5新奥沢103目蒲電鉄奥沢線
31%
46石神井公園646武蔵野鉄道
31%
19大泉学園271武蔵野鉄道
31%
12西駒場213帝都電鉄
25%
25東伏見328西武村山線
25%
11富士見台188武蔵野鉄道
25%
50中千住692東武伊勢崎線
19%
47一高前653帝都電鉄
19%
45桐ヶ谷638目蒲電鉄池上線
19%
15東武堀之内251東武東上線
19%
37並木橋531東横電鉄
19%
2武蔵常盤78東武東上線
19%
42十間橋通593東武亀戸線
13%
32山谷455小田急小田原線
13%
17千駄ヶ谷新田260小田急小田原線
13%
20北十間286東武亀戸線
13%
21虎橋通290東武亀戸線
13%
23金井窪304東武東上線
13%
27隅田公園411東武伊勢崎線
13%

Score Distribution

Percentile by Number Answered

Percent of People with Each Score

Your Score History

You have not taken this quiz since the last reset